000 003260000a22000970004500
100 1 _aMeier, John P.
245 1 0 _aThe debate on the resurrection of the dead : An incident from the ministry of the historial Jesus?
300 _aNúm 77 (2000), Páginas 3-24
773 0 _tJournal for the Study of the New Testament
942 _cANA
999 _c55963
_d55963